000
00264nam a2200097Ia 4500
001
798368
005
20250826170826.0
008
250824s9999 xx 000 0 und d
245
0
_a
KAFADAN YUMURTA 4. ÇAKMA DEDEKTİF
_c
YUSUF ASAL
260
_b
UĞUR BÖCEĞİ YAYINLARI
999
_c
798368
_d
798368